Which U.S. State Is More Populated? - Statistics

General Stats
  • This quiz has been taken 16 times
  • The average score is 10 of 15
Answer Stats
Question Answer % Correct
Which U.S. state is more populated? West Virginia
94%
Which U.S. state is more populated? Minnesota
81%
Which U.S. state is more populated? Mississippi
81%
Which U.S. state is more populated? Indiana
75%
Which U.S. state is more populated? New Hampshire
69%
Which U.S. state is more populated? North Carolina
69%
Which U.S. state is more populated? Rhode Island
69%
Which U.S. state is more populated? South Carolina
69%
Which U.S. state is more populated? Mississippi
63%
Which U.S. state is more populated? Missouri
63%
Which U.S. state is more populated? Virginia
63%
Which U.S. state is more populated? Washington
63%
Which U.S. state is more populated? Maryland
56%
Which U.S. state is more populated? Wisconsin
38%
Which U.S. state is more populated? Arkansas
31%
No matching quizzes found
Score Distribution
Percent of People with Each Score
Percentile by Number Answered
Your Score History
You have not taken this quiz